=LDR 00000nam 2200000 4500 =001 INLIS000000000006701 =005 20130612094817 =008 ***********************************Ind** =035 ##$$0010-061300000006701 =041 ##$$a Ind =082 ##$$a 005.369 =090 ##$$a 005.369, Rah a =100 ##$$a Raharjo, Budi =245 ##$$a Analisis rasio keuangan dengan lotus 1-2-3, Budi Rahardjo =260 ##$$a 1993 $b Yogyakarta =300 ##$$a viii, 246 hlm., 23 cm =650 ##$$a Komputer =850 ##$$a NBPNMAT